000 02082naa a2200301Ia 4500
003 OSt
005 20260413095626.0
008 260413s2013 xx 000 0 und d
040 _aFoundation University
_beng
_cFoundation University
_erda
050 _aCoA (AnSci-Th) LG 221 D35 A37
_bA5 A38 2013 E46
099 _a1036
100 _a Elnar, Jermaine Rose
_91996
_eauthor
245 1 0 _aManagement Practices of Pig Improvement Company (PIC) at Suntory Farm Incorporated at Barangay Balidbid, Sta. Fe, Bantayan Island, Cebu. /
_cby Jermaine Rose Elnar
264 _aDumaguete City
_bFoundation Uiniversity,
_c2013.
_42013.
300 _axii, 86 leaves :
_3volume
_bill. (col.) ;
_c28 cm.
_fresource
336 _2rdacontent
_atext
_btxt
337 _2rdamedia
_aunmediated
_bn
338 _3rdacarrier
_avolume
_bnc
502 _aUndergraduate Field practice (Bachelor of Science in Agriculture Major in Animal Science) -- Foundation University, 2013.
504 _aIncludes bibliographical references appendices
520 _aThis report examines the management practices of Pig Improvement Company (PIC) at Suntory Farm Incorporated located in Barangay Balidbid, Santa Fe, Bantayan Island, Cebu. It describes the various activities performed, including breeding management, feeding systems, health monitoring, housing, and biosecurity measures. The report highlights the application of advanced swine production technologies, genetic improvement programs, and gilt development processes. Furthermore, it reflects on the knowledge and practical skills gained, challenges encountered during the training, and recommendations for improving swine production efficiency and farm management practices.
650 _aSwine
_915500
_xManagement.
650 _aSwine
_915476
_xBreeding.
650 _aAnimal husbandry.
_914407
650 _aLivestock
_914406
_xManagement.
658 _aField Practice :
_bAgriculture Major in Animal Science, Bachelor of Science in ;
_cASC 48A.
942 _2lcc
_cTH
_hLG 221 D35 A37
_iA5 A38 2013 E46
_kCoA (AnSci-Th)
999 _c5735
_d5735